Normal view
MARC view
Entry Topical Term
001 - CONTROL NUMBER
- control field: 12699
003 - CONTROL NUMBER IDENTIFIER
- control field: BD-RjUL
005 - DATE AND TIME OF LATEST TRANSACTION
- control field: 20240424125847.0
008 - FIXED-LENGTH DATA ELEMENTS
- fixed length control field: 240424|| aca||aabn | a|a d
040 ## - CATALOGING SOURCE
- Original cataloging agency: BD-RjUL
- Transcribing agency: BD-RjUL
150 ## - HEADING--TOPICAL TERM
- Topical term or geographic name entry element: Authors, Persian
- Chronological subdivision: 20th century
- General subdivision: Biography
670 ## - SOURCE DATA FOUND
- Source citation: Work cat.: (BD-RjUL)83575: جائسى، کبىر احمد،;;, Kabīr Aḥmad, 1934-2013. 12698, Chand Īrān shanās /, 1992.